Europe real estate yearbook 2006 (Record no. 105454)

MARC details
000 -LEADER
fixed length control field 01442cam a2200529 4500
001 - CONTROL NUMBER
control field ##L133698
008 - FIXED-LENGTH DATA ELEMENTS--GENERAL INFORMATION
fixed length control field 060602n2006 000 0 eng u
020 ## - INTERNATIONAL STANDARD BOOK NUMBER
International Standard Book Number 9077997032
035 ## - SYSTEM CONTROL NUMBER
System control number (Sirsi) u133698
041 0# - LANGUAGE CODE
Language code of text/sound track or separate title eng
050 04 - LIBRARY OF CONGRESS CALL NUMBER
Classification number 332.6324094 $2 18
100 1# - MAIN ENTRY--PERSONAL NAME
Personal name Dijkman, Marinus
245 00 - TITLE STATEMENT
Title Europe real estate yearbook 2006
260 ## - PUBLICATION, DISTRIBUTION, ETC.
Place of publication, distribution, etc. The Hague
Name of publisher, distributor, etc. Europe Real Estate Publishers
Date of publication, distribution, etc. 2006
300 ## - PHYSICAL DESCRIPTION
Extent 785p.
Other physical details ill, tables.
Dimensions 26cm.
350 ## - PRICE (NR) (BK AM CF MU VM SE) [OBSOLETE]
Price 47 50
505 2# - FORMATTED CONTENTS NOTE
Formatted contents note Europe and the challenge of globalization -- The countries -- Ranking 100 biggest listed European funds.
520 ## - SUMMARY, ETC.
Summary, etc. Covers industry trends and market players in European real estate. Includes statistics sheets for each European country.
651 #4 - SUBJECT ADDED ENTRY--GEOGRAPHIC NAME
Geographic name EUROPEAN UNION
651 #4 - SUBJECT ADDED ENTRY--GEOGRAPHIC NAME
Geographic name FRANCE
651 #4 - SUBJECT ADDED ENTRY--GEOGRAPHIC NAME
Geographic name GERMANY
651 #4 - SUBJECT ADDED ENTRY--GEOGRAPHIC NAME
Geographic name United Kingdom
Chronological subdivision
651 #4 - SUBJECT ADDED ENTRY--GEOGRAPHIC NAME
Geographic name IRELAND
651 #4 - SUBJECT ADDED ENTRY--GEOGRAPHIC NAME
Geographic name SCANDINAVIA
651 #4 - SUBJECT ADDED ENTRY--GEOGRAPHIC NAME
Geographic name NETHERLANDS
651 #4 - SUBJECT ADDED ENTRY--GEOGRAPHIC NAME
Geographic name BELGIUM
651 #4 - SUBJECT ADDED ENTRY--GEOGRAPHIC NAME
Geographic name AUSTRIA
651 #4 - SUBJECT ADDED ENTRY--GEOGRAPHIC NAME
Geographic name SWITZERLAND
651 #4 - SUBJECT ADDED ENTRY--GEOGRAPHIC NAME
Geographic name PORTUGAL
651 #4 - SUBJECT ADDED ENTRY--GEOGRAPHIC NAME
Geographic name ITALY
651 #4 - SUBJECT ADDED ENTRY--GEOGRAPHIC NAME
Geographic name GREECE
651 #4 - SUBJECT ADDED ENTRY--GEOGRAPHIC NAME
Geographic name POLAND
651 #4 - SUBJECT ADDED ENTRY--GEOGRAPHIC NAME
Geographic name CZECH REPUBLIC
651 #4 - SUBJECT ADDED ENTRY--GEOGRAPHIC NAME
Geographic name HUNGARY
651 #4 - SUBJECT ADDED ENTRY--GEOGRAPHIC NAME
Geographic name CROATIA
651 #4 - SUBJECT ADDED ENTRY--GEOGRAPHIC NAME
Geographic name ROMANIA
651 #4 - SUBJECT ADDED ENTRY--GEOGRAPHIC NAME
Geographic name BULGARIA
651 #4 - SUBJECT ADDED ENTRY--GEOGRAPHIC NAME
Geographic name RUSSIA
651 #4 - SUBJECT ADDED ENTRY--GEOGRAPHIC NAME
Geographic name BALTIC STATES
651 #4 - SUBJECT ADDED ENTRY--GEOGRAPHIC NAME
Geographic name UKRAINE
651 #4 - SUBJECT ADDED ENTRY--GEOGRAPHIC NAME
Geographic name SLOVAKIA
651 #4 - SUBJECT ADDED ENTRY--GEOGRAPHIC NAME
Geographic name TURKEY
690 ## - LOCAL SUBJECT ADDED ENTRY--TOPICAL TERM (OCLC, RLIN)
Topical term or geographic name as entry element PROPERTY-COMMERCIAL PROPERTY
700 1# - ADDED ENTRY--PERSONAL NAME
Personal name Schiller, Andreas
942 ## - ADDED ENTRY ELEMENTS (KOHA)
Suppress in OPAC 0
Holdings
Withdrawn status Lost status Source of classification or shelving scheme Damaged status Not for loan Home library Current library Shelving location Date acquired Total Checkouts Full call number Barcode Date last seen Copy number Price effective from Koha item type
    Dewey Decimal Classification     London London Basement 28/06/2006   332.6324094 EUR 30073030 06/08/2019 1 06/08/2019 Reference material